Local communitities and national politics (Record no. 409164)

000 -LEADER
fixed length control field 00457cam a22001457a 4500
008 - FIXED-LENGTH DATA ELEMENTS--GENERAL INFORMATION
fixed length control field 180718b1971 xxu||||| |||| 00| 0 eng d
082 ## - DEWEY DECIMAL CLASSIFICATION NUMBER
Classification number F5x54 At14
100 ## - MAIN ENTRY--PERSONAL NAME
Personal name Atal,Yogesh
245 ## - TITLE STATEMENT
Title Local communitities and national politics
Statement of responsibility, etc. By Yogesh Atal
260 ## - PUBLICATION, DISTRIBUTION, ETC.
Place of publication, distribution, etc. Delhi
Name of publisher, distributor, etc. National
Date of publication, distribution, etc. 1971
300 ## - PHYSICAL DESCRIPTION
Extent xviii, 428p
650 ## - SUBJECT ADDED ENTRY--TOPICAL TERM
Topical term or geographic name entry element Political parties -- India
650 ## - SUBJECT ADDED ENTRY--TOPICAL TERM
Topical term or geographic name entry element Local government --India -- Uttar Pradesh
650 ## - SUBJECT ADDED ENTRY--TOPICAL TERM
Topical term or geographic name entry element Panchayat -- India -- Uttar Pradesh
Holdings
Withdrawn status Lost status Damaged status Not for loan Permanent Location Current Location Date acquired Full call number Barcode Date last seen Price effective from Koha item type
        Indian Institute of Public Administration Indian Institute of Public Administration 2009-01-01 F5x54 At14 DA1957 2018-07-21 2018-07-21 DA

Powered by Koha